Človek v diele Gejzu Vámoša

Bibliographic Details
Format: Article
Language:Slovak
Subjects:

MARC

LEADER 00000nab a2200000 4500
001 vtls012227467
003 SK-MaSNL
005 20260305022234.0
008 230413|1997 xo |||| ||an ||00 0|slo
015 |a SNBRB2023/04 
040 |a SPKCL  |b slo  |e rda 
041 |a slo  |b eng 
044 |a xo  |c SK 
072 7 |a 821.162.4  |x Slovenská literatúra  |2 konspekt 
080 |a 821.162.4 Vámoš, Gejza  |2 2011 
245 0 0 |a Človek v diele Gejzu Vámoša  |c Dagmar Kročanová 
336 |a text  |b txt  |2 rdacontent 
337 |a bez média  |b n  |2 rdamedia 
338 |a zväzok  |b nc  |2 rdacarrier 
546 |a Anglické resumé 
600 1 7 |a Vámoš, Gejza,  |d 1901-1956  |2 snkbucl  |9 110347 
650 0 7 |a literárna veda  |2 SNKPH  |9 1137 
650 0 7 |a slovenská literatúra  |2 SNKPH  |9 1115 
773 0 |t Slovenská literatúra : revue pre literárnu vedu  |g Roč. 44, č. 1-2 (1997), s. 16-26x 003769731 
958 |a NB 
999 |c 3289747  |d 3291677